000 00837cam a2200229 a 4500
001 000019245
005 20200929165947.0
008 780526s1955 ag 000 0 spa
040 _aDO-SdBNP
_bspa
_cDLC
_dBNPHU
082 _a989.203
_bS211e, 1955
100 1 _aSánchez Quell, Hipolito,
_d1907-
_941414
245 1 0 _aEstructura y función del Paraguay colonial. /
_cHipolito Sánchez Quell.
250 _a[3. ed., corr. y aumentada]
260 _aBuenos Aires, (Argentina) :
_bEditorial Guillermo Kraft,
_c[1955].
300 _a240 p. :
_bmap ;
_c21 cm.
490 1 _aCupula
504 _aIncluye referencias bibliográficas
651 4 _aParaguay
_xHistoria
_xColonial
_y1811.
_941415
651 4 _aParaguay
_xHistoria
_xDescubrimiento Y Conquista
_y1537-1811
_941416
830 0 _aCupula
_941417
910 _aCatalogación derivada / LC
999 _c18763
_d18763